000 00608nam a2200133Ia 4500
008 171212s9999 xx 000 0 und d
020 _a9780833029492
100 _aAnton, Philip S.;Silberglitt, Richard;Schneider, James
245 _cAnton, Philip S.;Silberglitt, Richard;Schneider, James
_aThe Global Technology Revolution
_bBio/Nano/Materials Trends and Their Synergies with Information Technology by 2015
260 _bRAND Corporation
_c2001
650 _aTechnological innovations; Technology and state; Information technology
650 _aTechnology
856 _uwww.jstor.org/stable/10.7249/mr1307nic
999 _c352668
_d352668